000 00550nam a2200205Ia 4500
001 12809
003 GE_BSU
008 181216s||||||||xx |||||||||||||| ||und||
040 _cGE_BSU
080 _a631.8(076)
100 _aПетербургский,А.В.
245 _aПрактикум по агрохимии
245 _bУчебник
260 _aМосква
260 _bОгиз-сельхозгиз
260 _c1947
300 _a280стр.илл.20см.
653 _aПрактикум по агрохимии
942 _cBK
999 _c45980
_d45980